000 00662nam a22002057a 4500
003 OSt
005 20260629153833.0
008 260629b |||||||| |||| 00| 0 eng d
020 _a1404519505
040 _cChuka University Library
050 _aLB 1573
_b.G43 2004
245 _aGear up! Guided Reading Program Overview
300 _a48 pages
_billustrated
650 _aReading (Elementary)
650 _aGuided Reading
_927962
650 _aReading Comprehension-Study and Teaching (Elementary)
650 _aEnglish Language-Study and Teaching (Elementary)
_928687
650 _aLiteracy-Study and Teaching (Elementary)
_931708
942 _2lcc
_cBK
_n0
999 _c25459
_d25459